00294 a2200133 450000100060000002000180000604000220002410000180004624000310006424500260009530000070012136200090012865000230013767887 a9788536011479 cAnchieta - Pituba aJensen, Louis10aUma jornada para Deuslpor10aUma jornada para Deus a320 a2012 4aLiteratura juvenil